000 00874nam a2200253Ia 4500
003 OSt
005 20220923220647.0
006 a|||||r|||| 00| 0
007 ta
008 220922b |||||||| |||| 00| 0 hin d
024 _a188,738
037 _cTextual
040 _aARTS
_cARTS
_bhin
041 _2hin
_ahin
082 _aO152,2M80:g, M9
100 _aश्रीवास्तव, शैलेन्द्र नाथ
_9160396
245 0 _aप्रेमचंद्र के नाटक
246 _aPremachandra ke nāṭaka
260 _aलखनऊ
_b सुलभ प्रकाशन
_c1989
300 _a115 पृ.
_ccm.
650 _aहिन्दी साहित्य
_9156264
942 _hO152,2M80:g, M9
_cTEXL
_2CC
999 _c341632
_d341632